Administración : Conceptos y Aplicaciones
| Main Author: | |
|---|---|
| Format: | Section = Libro |
| Language: | Undetermined Spanish |
| Published: |
México
CECSA
1988
|
| Subjects: |
| LEADER | 00587nam a2200205Ia 4500 | ||
|---|---|---|---|
| 008 | 240829s9999 xx 000 0 und d | ||
| 020 | |a 968-26-0834-1 | ||
| 040 | |a BIBLIOTECA-RUPAP 658 M496 | ||
| 041 | |a spa | ||
| 082 | |a 658 M496 | ||
| 100 | 1 | |a Megginson, Leon C. | |
| 245 | 1 | 0 | |a Administración : Conceptos y Aplicaciones |
| 260 | |a México |b CECSA |c 1988 | ||
| 300 | |a 680 p. :il. | ||
| 650 | 7 | |a ADMINISTRACION | |
| 650 | 7 | |b ORGANIZACION | |
| 650 | 7 | |c PLANEACION. I. Mosley, Donald C., coaut. II. Pietri, Jr, Paul H., coaut. II. Tít. | |
| 942 | |c BK |2 ddc | ||
| 991 | |a TEXTO | ||
| 999 | |c 9970 | ||